000 00309nam a22001337a 4500
008 170712b xxu||||| |||| 00| 0 eng d
020 _a370592000016098
041 _aeng
080 _a038
100 _a23
101 _aFJA
245 _aGROVES DICTIONATY MUSIC AND MUSICIANS
_cBLOM.E
942 _2udc
_cBK
999 _c20350
_d20350